000 00684nam a2200265 i 4500
001 C2-0131635
003 PPAK
005 20180727122453.0
008 971013s1994 enka|||| ||||| | eng d
020 _a0744525942
040 _aPPAK
_beng
_cPPAK
_erda
082 0 4 _a428.6
_223
090 0 0 _a428.6
_bWAL
_dK
100 1 _aWallace, Karen,
_eauthor
245 1 0 _aRed fox
264 1 _aLondon :
_bWalker Books Ltd. ,
_c1994
300 _a30 pages :
_billustrations ;
_c25 cm
336 _2rdacontent
_atext
337 _2rdamedia
_aunmediated
338 _2rdacarrier
_avolume
490 1 _aRead and wonder
650 1 0 _aReaders
830 0 _aRead and wonder
942 _ddc
_cB
999 _c40877
_d40877